Complex variables and applications (Record no. 3507)

000 -LEADER
fixed length control field 00586nam a22002297a 4500
001 - CONTROL NUMBER
control field 3507
003 - CONTROL NUMBER IDENTIFIER
control field BD-DhUET
008 - FIXED-LENGTH DATA ELEMENTS--GENERAL INFORMATION
fixed length control field 141101b xxu||||| |||| 00| 0 eng d
020 ## - INTERNATIONAL STANDARD BOOK NUMBER
International Standard Book Number 0070108552
040 ## - CATALOGING SOURCE
Transcribing agency 0
Modifying agency BD-DhUET
082 ## - DEWEY DECIMAL CLASSIFICATION NUMBER
Classification number 517.8
Item number CHU/1974
100 ## - MAIN ENTRY--PERSONAL NAME
Personal name Churchill, Ruel V.
245 ## - TITLE STATEMENT
Title Complex variables and applications
250 ## - EDITION STATEMENT
Edition statement 3rd ed.
260 ## - PUBLICATION, DISTRIBUTION, ETC. (IMPRINT)
Place of publication, distribution, etc. New York
Name of publisher, distributor, etc. McGraw-Hill
Date of publication, distribution, etc. 1974
300 ## - PHYSICAL DESCRIPTION
Extent x, 332 p.
Other physical details ill.
Dimensions 23 cm.
504 ## - BIBLIOGRAPHY, ETC. NOTE
Bibliography, etc Includes bibliographies
650 #0 - SUBJECT ADDED ENTRY--TOPICAL TERM
Topical term or geographic name as entry element Complex variables
700 ## - ADDED ENTRY--PERSONAL NAME
Personal name Brown, James W.
700 ## - ADDED ENTRY--PERSONAL NAME
Personal name Verhey, Roger F.
942 ## - ADDED ENTRY ELEMENTS (KOHA)
Koha item type General Book
Holdings
Source of classification or shelving scheme Koha date last borrowed Koha item type Damaged status Piece designation (barcode) Koha renewals Koha date last seen Not for loan Koha full call number Withdrawn status Copy number Shelving location Sublocation or collection (holding branch) Lost status Date acquired Koha normalized classification for sorting Location (home branch) Price effective from
  General Book 39411 2014-11-01 517.8/CHU/1974 1Circulation sectionCentral Library, BUET 2014-11-01517_800000000000000_CHU_1974Central Library, BUET2014-11-01
  General Book 43301 2014-11-01 517.8/CHU/1974 2Circulation sectionCentral Library, BUET 2014-11-01517_800000000000000_CHU_1974Central Library, BUET2014-11-01
  General Book 45109 2014-11-01 517.8/CHU/1974 3Circulation sectionCentral Library, BUET 2014-11-01517_800000000000000_CHU_1974Central Library, BUET2014-11-01
  General Book 52889 2016-05-18 517.8/CHU/1974 4Circulation sectionCentral Library, BUET 2014-11-01517_800000000000000_CHU_1974Central Library, BUET2014-11-01
  General Book 37655 2016-04-02 517.8/CHU/1974 5Circulation sectionCentral Library, BUET 2014-11-17517_800000000000000_CHU_1974Central Library, BUET2014-11-17
  General Book 5803222016-08-30 517.8/CHU/1974 6Circulation sectionCentral Library, BUET 2014-11-17517_800000000000000_CHU_1974Central Library, BUET2014-11-17
 0000-00-00General Book 52887 2015-05-03 517.8/CHU/1974 7Circulation sectionCentral Library, BUET 2015-05-03517_800000000000000_CHU_1974Central Library, BUET2015-05-03
  General Book 37654 2015-05-03 517.8/CHU/1974 8Circulation sectionCentral Library, BUET 2015-05-03517_800000000000000_CHU_1974Central Library, BUET2015-05-03
  General Book 39412 2015-05-04 517.8/CHU/1974 9Circulation sectionCentral Library, BUET 2015-05-04517_800000000000000_CHU_1974Central Library, BUET2015-05-04
  General Book 58033 2015-05-20 517.8/CHU/1974 10Circulation sectionCentral Library, BUET 2015-05-20517_800000000000000_CHU_1974Central Library, BUET2015-05-20
  Reading Item 24535 2015-06-13 517.8/CHU/1974 11Reading sectionCentral Library, BUET 2015-06-13517_800000000000000_CHU_1974Central Library, BUET2015-06-13
  General Book 43304 2015-07-13 517.8/CHU/1974 12Circulation sectionCentral Library, BUET 2015-07-13517_800000000000000_CHU_1974Central Library, BUET2015-07-13